<?xml version="1.0" encoding="UTF-8"?><?xml-stylesheet type="text/xsl" href="static/style.xsl"?><OAI-PMH xmlns="http://www.openarchives.org/OAI/2.0/" xmlns:xsi="http://www.w3.org/2001/XMLSchema-instance" xsi:schemaLocation="http://www.openarchives.org/OAI/2.0/ http://www.openarchives.org/OAI/2.0/OAI-PMH.xsd"><responseDate>2026-04-17T06:58:30Z</responseDate><request verb="GetRecord" identifier="oai:www.recercat.cat:2117/119019" metadataPrefix="marc">https://recercat.cat/oai/request</request><GetRecord><record><header><identifier>oai:recercat.cat:2117/119019</identifier><datestamp>2026-01-30T08:08:51Z</datestamp><setSpec>com_2072_1033</setSpec><setSpec>col_2072_452950</setSpec></header><metadata><record xmlns="http://www.loc.gov/MARC21/slim" xmlns:dcterms="http://purl.org/dc/terms/" xmlns:xsi="http://www.w3.org/2001/XMLSchema-instance" xmlns:doc="http://www.lyncode.com/xoai" xsi:schemaLocation="http://www.loc.gov/MARC21/slim http://www.loc.gov/standards/marcxml/schema/MARC21slim.xsd">
   <leader>00925njm 22002777a 4500</leader>
   <datafield ind2=" " ind1=" " tag="042">
      <subfield code="a">dc</subfield>
   </datafield>
   <datafield ind2=" " ind1=" " tag="720">
      <subfield code="a">Isimjan, Tayirjan Taylor</subfield>
      <subfield code="e">author</subfield>
   </datafield>
   <datafield ind2=" " ind1=" " tag="720">
      <subfield code="a">Maity, Partha</subfield>
      <subfield code="e">author</subfield>
   </datafield>
   <datafield ind2=" " ind1=" " tag="720">
      <subfield code="a">Llorca Piqué, Jordi</subfield>
      <subfield code="e">author</subfield>
   </datafield>
   <datafield ind2=" " ind1=" " tag="720">
      <subfield code="a">Ahmed, Toseef</subfield>
      <subfield code="e">author</subfield>
   </datafield>
   <datafield ind2=" " ind1=" " tag="720">
      <subfield code="a">Parida, Manas R.</subfield>
      <subfield code="e">author</subfield>
   </datafield>
   <datafield ind2=" " ind1=" " tag="720">
      <subfield code="a">Mohammed, Omar F.</subfield>
      <subfield code="e">author</subfield>
   </datafield>
   <datafield ind2=" " ind1=" " tag="720">
      <subfield code="a">Idriss, Hicham</subfield>
      <subfield code="e">author</subfield>
   </datafield>
   <datafield ind2=" " ind1=" " tag="260">
      <subfield code="c">2017-08-22</subfield>
   </datafield>
   <datafield ind2=" " ind1=" " tag="520">
      <subfield code="a">We have investigated a Z-scheme based on a ZnO/Pt/CdZnS photocatalyst,&#xd;
active in the presence of a complex medium composed of acetic acid and benzyl alcohol,&#xd;
the effects of which on the catalyst stability and performance are studied. Transmission&#xd;
electron microscopy images showed uniformly dispersed sub-nanometer Pt particles.&#xd;
Inductively coupled plasma and X-ray photoelectron spectroscopy analyses suggested that&#xd;
Pt is sandwiched between ZnO and CdZnS. An apparent quantum yield (AQY) of 34% was&#xd;
obtained over the [ZnO]4/1 wt %Pt/CdZnS system at 360 nm, 2.5-fold higher than that of&#xd;
1%Pt/CdZnS (14%). Furthermore, an AQY of 16% was observed using [ZnO]4/1 wt %Pt/&#xd;
CdZnS, which was comparable to that of 1 wt %Pt/CdZnS (10%) at 460 nm. On the basis&#xd;
of these results, we proposed a charge transfer mechanism, which was confirmed through&#xd;
femtosecond transient absorption spectroscopy. Finally, we identified the two main factors&#xd;
that affected the stability of the catalyst, which were the sacrificial reagent and the acidic&#xd;
pH.</subfield>
   </datafield>
   <datafield ind2=" " ind1=" " tag="520">
      <subfield code="a">Peer Reviewed</subfield>
   </datafield>
   <datafield ind2=" " ind1=" " tag="520">
      <subfield code="a">Postprint (published version)</subfield>
   </datafield>
   <datafield tag="653" ind2=" " ind1=" ">
      <subfield code="a">Àrees temàtiques de la UPC::Enginyeria química</subfield>
   </datafield>
   <datafield tag="653" ind2=" " ind1=" ">
      <subfield code="a">Photocatalysis</subfield>
   </datafield>
   <datafield tag="653" ind2=" " ind1=" ">
      <subfield code="a">Fotocatàlisi</subfield>
   </datafield>
   <datafield ind2="0" ind1="0" tag="245">
      <subfield code="a">Comprehensive study of all-solid-state Z-scheme photocatalytic systems of ZnO/Pt/CdZnS</subfield>
   </datafield>
</record></metadata></record></GetRecord></OAI-PMH>